Marvel Heroes Starting with F (by picture) - Statistics

General Stats
  • This quiz has been taken 82 times
  • The average score is 7 of 14
Answer Stats
Picture Answer % Correct
Falcon
100%
Falcon (Joaquin Torres)
100%
Firestar
65%
Franklin Richards
61%
Forge
52%
Fandral
45%
Fantomex
45%
Feral
42%
Firebird
40%
Flat Man
40%
Finesse
23%
Fredzilla
21%
Frenzy
16%
Flint
15%
No matching quizzes found
Score Distribution
Percent of People with Each Score
Percentile by Number Answered
Your Score History
You have not taken this quiz